000 00848nam a2200229Ii 4500
003 JO-AjNU
008 230605s9999||||xx |||||||||||||| ||und||
017 _a2005/6/1514
040 _aJO-AjNU
_bara
_erda
_cJO-AjNU
041 _aara
050 1 4 _aPJ7577.F746 2005
100 3 _aفريحات، مريم جبر,
_eauthor
_949178
245 0 0 _aالتجليات المحلية في "رواية الأجيال" العربية " دراسة نقدية
250 _aط1
264 3 1 _aعمان:وزارة الثقافة،2005
300 _a363ص
336 _atext
_btxt
_2rdacontent
337 _aunmediated
_bn
_2rdamedia
338 _avolume
_bnc
_2rdacarrier
490 0 _aسلسلة كتاب الشهر رقم 101
650 4 _aالقصة العربية - تاريخ ونقد - الملاحم العربية - العصر الحديث
_949179
999 _aA21584
_c25152
_d25152